000 00863cam a22002653a 4500
001 12458
003 PGUSA
005 20140828083251.0
008 040501s2004||||xxu|||||s|||||000 p eng d
040 _aPGUSA
_beng
042 _adc
050 4 _aPR
100 1 _aBorrow, George,
_d1803-1881
245 1 4 _aThe Talisman :
_bFrom the Russian of Alexander Pushkin; With Other Pieces
_h[electronic resource] /
_cGeorge Borrow
260 _bProject Gutenberg,
_c2004
506 _aPublic domain in the USA.
516 _aElectronic text
653 _aPolish poetry -- Translations into English
653 _aRussian poetry -- Translations into English
700 1 _aMickiewicz, Adam,
_d1798-1855
700 1 _aPushkin, Aleksandr Sergeevich,
_d1799-1837
830 0 _aProject Gutenberg
_v12458
856 4 0 _uhttp://www.gutenberg.org/ebooks/12458
942 _cEB
999 _c241713
_d241713